000 00936nam a22001935i 4500
001 162504
003 ES-MaACL
005 20230906212537.0
008 020125s1869 sp |||| | spa d
040 _aCAM
_bspa
_cCAM
100 1 _aPoupart de Boisgarnier, Antonio.
_9131324
245 1 3 _aEl mentir de las estrellas
_b: zarzuela bufa oriental en un acto y en verso /
_cde Antonio Poupart de Boisgarnier y Cárlos Luis de Cuenca ; música de Rafael Menendez de la Vega.
260 _aMadrid :
_b[s.n.],
_c1869 (
_fImprenta de Pedro Abienzo)
300 _a45 p. ;
_c17 cm.
500 _aSolo la letra.
700 1 _aCuenca, Carlos Luis de.
_941995
700 1 _aMenéndez de la Vega, Rafael.
_9129841
852 _aES-MaACL
_jF-8597(12)
_z-- Enc. pasta española
_z-- Ex-libris ms. de Gustavo Saenz Diez
_q-- Falto de la cub. original
_z-- Enc. en un vol. facticio formando parte de la col. facticia "Teatro español moderno", vol. 50
999 _c162504
_d162504